Moderní terapie obezity : [průvodce pro každodenní praxi] /

Hlavní autor: Owen, Klára, 1972-
Jazyk: Čeština
Vydáno: Praha : Maxdorf, c2012
Edice: Jessenius
Témata:
Fyzický popis: 64 s. : il. (převážně barev.) ; 19 cm
Knihy
Uloženo v:
LEADER 01395nam a2200409 a 4500
001 nkc20122428212
003 CZ PrNK
005 20130115094143.0
007 ta
008 121123s2012 xr a e f 001 0 cze
015 |a cnb002428212 
020 |a 978-80-7345-301-5  |q (brož.) 
035 |a (OCoLC)823821846 
040 |a OLA001  |b cze  |d ABA001 
072 7 |a 616  |x Patologie. Klinická medicína  |2 Konspekt  |9 14 
080 |a 616-056.257  |2 MRF 
080 |a 616-08  |2 MRF 
080 |a (035)  |2 MRF 
100 1 |a Owen, Klára,  |d 1972-  |7 xx0011436  |4 aut 
245 1 0 |a Moderní terapie obezity :  |b [průvodce pro každodenní praxi] /  |c Klára Owen 
260 |a Praha :  |b Maxdorf,  |c c2012 
300 |a 64 s. :  |b il. (převážně barev.) ;  |c 19 cm 
490 1 |a Jessenius 
504 |a Obsahuje bibliografii a rejstřík 
650 0 7 |a obezita  |7 ph123583  |2 czenas 
650 0 7 |a terapie  |7 ph116435  |2 czenas 
650 0 9 |a obesity  |2 eczenas 
650 0 9 |a therapy  |2 eczenas 
655 7 |a příručky  |7 fd133209  |2 czenas 
655 9 |a handbooks and manuals  |2 eczenas 
830 0 |a Jessenius  |0 s 
910 2 |a BOA001  |b 1-1294.716 
990 |a BK 
995 |a 01 
991 |b 201212  |c NOV  |e n 
996 6 |b 2610530063  |c 1-1294.716  |l MZK  |r Sklad / do 1 hodiny  |n 4  |p p.v.  |w 001301677  |u 000010  |a 1  |e BOA001  |j MZK50  |s P 
996 7 |b 2610533637  |c 1-1294.716  |l MZK  |r Sklad / do 1 hodiny  |n 24  |p kup  |w 001301677  |u 000020  |a 1  |e BOA001  |j MZK50  |s A